00322 a2200109 4500001001000000005001700010008004100027245003100068100002400099773007200123999001700195ART_5520920260410161609.0260409a 10aResolución técnica 37.1 aMantovan, Flavio A.0 tProfesional & Empresariag- Año XXIII, Nº 269 (feb. 2022)wREV70 c10471d10471